000 00648nam a2200169 4500
999 _c17106
_d17106
008 220602b ||||| |||| 00| 0 eng d
022 _a0732-8435
082 _aDPer 657.05 C33 Sept - Dec 2012, v. 82 n. 9 - 12
100 _aMorgan-Thomas, Maxine.
_945465
245 _aTax-gap closers of recent U.S. budget proposals and tax legislation/
_cMaxine. Morgan-Thomas and Helisse Levine.
260 _aNew York:
_bThe New York State Society of CPA,
_c©2012.
300 _av82 n12, page 34-40:
_b illustrations:
_c28 cm.
500 _aThe CPA Journal.
650 _aTaxation.
_945466
700 _aLevine, Helisse.
_eAuthor.
_945467
942 _2ddc
_cPER